000
00207 a2200097 4500
001
7705
100
_a
Gibbs, W.J
245
_a
Conformal transformations
260
_a
_b
Chapman Hall
_c
090
_c
6166
_d
6166
942
_a
NUST-CAE
_c
M
_c
32674
999
_c
242778
_d
242778